Estudio de la extracción de los taninos de la semilla de mango de las variedades criollas, para la elaboración de un complemento alimenticio para aves de engorde y preparación de un tinte de curtiembre a partir de los taninos extraídos

Presenta un estudio de la extracción de los taninos de la semilla de mango de las variedades criollas, para elaborar un complemento alimenticio para aves de engorde y preparar un tinte de curtiembre a partir de los taninos extraídos. Caracterizar las semillas de mango de las variedades criollas,...

Full description

Bibliographic Details
Main Authors: García Castillo, Tatiana Izdel, Jarquín Medal, Amanda Isabel
Other Authors: Tutor: Escorcia Morales, Denis
Format: Tesis Section = Libro
Language:Undetermined
Spanish
Published: Managua UNI 2015
Subjects:
LEADER 01384nam a2200253Ia 4500
008 240830s9999 xx 000 0 und d
040 |a BIBLIOTECA-RUSB/ Mon 634.44 G216 
041 |a spa 
082 |a Mon 634.44 G216 
100 1 |a García Castillo, Tatiana Izdel 
100 1 |b  Jarquín Medal, Amanda Isabel 
245 1 0 |a Estudio de la extracción de los taninos de la semilla de mango de las variedades criollas, para la elaboración de un complemento alimenticio para aves de engorde y preparación de un tinte de curtiembre a partir de los taninos extraídos 
260 |a Managua  |b UNI  |c 2015 
300 |a 47 p. :il. 
500 |a Contiene: anexos e Incluye: CD. 
502 |a Tesis (Ingeniero Químico) - UNI, 2015. 
520 3 |a Presenta un estudio de la extracción de los taninos de la semilla de mango de las variedades criollas, para elaborar un complemento alimenticio para aves de engorde y preparar un tinte de curtiembre a partir de los taninos extraídos. Caracterizar las semillas de mango de las variedades criollas, previamente a realizar la extracción de taninos. Extraer taninos de las semillas de mango por los métodos extracción con agua y maceración en alcohol. 
650 7 |a MANGOS 
650 7 |b  SEMILLAS DE MANGOS 
650 7 |c  TANINOS I 
700 1 |a Tutor:  |b Escorcia Morales, Denis 
942 |c BK  |2 ddc 
991 |a TESIS 
999 |c 20558